000 00561na a2200217 4500
001 17320
003 MIRAKIL
005 20181213155022.0
008 161024b tu 000 0
035 _a17320
040 _aMilas
_btur
_cTR-AnCHP
041 _atur
082 _a342.02
_bT96 1971
090 _a342.02 T96 1971
245 _aTürkiye Cumhuriyeti Anayasası
260 _aAnkara
_bEmek-İş Yayınevi
_c1971
300 _a91 s.
_c16 sm.
650 _aAnayasa hukuku
_xKanunlar
_zTürkiye
651 _aTürkiye
_xAnayasa, 1971
942 _2ddc
_cBKS
999 _c4943
_d4943